<?xml version="1.0" encoding="UTF-8"?>
<record
    xmlns:xsi="http://www.w3.org/2001/XMLSchema-instance"
    xsi:schemaLocation="http://www.loc.gov/MARC21/slim http://www.loc.gov/standards/marcxml/schema/MARC21slim.xsd"
    xmlns="http://www.loc.gov/MARC21/slim">

  <leader>00833nam a2200265Ia 4500</leader>
  <datafield tag="999" ind1=" " ind2=" ">
    <subfield code="c">54305</subfield>
    <subfield code="d">54305</subfield>
  </datafield>
  <controlfield tag="001">21361</controlfield>
  <controlfield tag="003">GE_BSU</controlfield>
  <controlfield tag="005">20211029170248.0</controlfield>
  <controlfield tag="008">181216s2008||||enk|||||||||||||| ||eng||</controlfield>
  <datafield tag="020" ind1=" " ind2=" ">
    <subfield code="a">9781859649749</subfield>
  </datafield>
  <datafield tag="040" ind1=" " ind2=" ">
    <subfield code="c">GE_BSU</subfield>
  </datafield>
  <datafield tag="080" ind1=" " ind2=" ">
    <subfield code="a">621+811.111 M-85</subfield>
  </datafield>
  <datafield tag="100" ind1=" " ind2=" ">
    <subfield code="a">Morgan, David  </subfield>
    <subfield code="9">12764</subfield>
  </datafield>
  <datafield tag="245" ind1=" " ind2=" ">
    <subfield code="a">Take-Off Technical English for Engineering :</subfield>
    <subfield code="b">Course book /</subfield>
    <subfield code="c">David Morgan, Nikolas Regan.</subfield>
  </datafield>
  <datafield tag="264" ind1=" " ind2=" ">
    <subfield code="a">UK :</subfield>
    <subfield code="b">Garnet Publishing,</subfield>
    <subfield code="c">2008.</subfield>
  </datafield>
  <datafield tag="300" ind1=" " ind2=" ">
    <subfield code="a">321 p. :</subfield>
    <subfield code="b"> ill. ;</subfield>
    <subfield code="c">28 cm. </subfield>
    <subfield code="e">+3cd.</subfield>
  </datafield>
  <datafield tag="541" ind1=" " ind2=" ">
    <subfield code="h">131 Gel.</subfield>
  </datafield>
  <datafield tag="653" ind1=" " ind2=" ">
    <subfield code="a">Course book</subfield>
  </datafield>
  <datafield tag="653" ind1=" " ind2=" ">
    <subfield code="a">Take-Off</subfield>
  </datafield>
  <datafield tag="653" ind1=" " ind2=" ">
    <subfield code="a">Technical English for Engineering</subfield>
  </datafield>
  <datafield tag="653" ind1=" " ind2=" ">
    <subfield code="a">&#x418;&#x43D;&#x436;&#x435;&#x43D;&#x435;&#x440;&#x43D;&#x44B;&#x435; &#x442;&#x435;&#x445;&#x43D;&#x43E;&#x43B;&#x43E;&#x433;&#x438;&#x438;</subfield>
  </datafield>
  <datafield tag="653" ind1=" " ind2=" ">
    <subfield code="a">&#x10E1;&#x10D0;&#x10D8;&#x10DF;&#x10D8;&#x10DC;&#x10E0;&#x10DD; &#x10E2;&#x10D4;&#x10E5;&#x10DC;&#x10DD;&#x10DA;&#x10DD;&#x10D2;&#x10D8;&#x10D4;&#x10D1;&#x10D8;</subfield>
  </datafield>
  <datafield tag="700" ind1=" " ind2=" ">
    <subfield code="a">Regan, Nikolas</subfield>
    <subfield code="e">by</subfield>
    <subfield code="9">12765</subfield>
  </datafield>
  <datafield tag="942" ind1=" " ind2=" ">
    <subfield code="c">BK</subfield>
    <subfield code="2">udc</subfield>
  </datafield>
  <datafield tag="952" ind1=" " ind2=" ">
    <subfield code="0">0</subfield>
    <subfield code="1">0</subfield>
    <subfield code="2">udc</subfield>
    <subfield code="4">0</subfield>
    <subfield code="6">621811111_M85</subfield>
    <subfield code="7">0</subfield>
    <subfield code="9">77631</subfield>
    <subfield code="a">CPL</subfield>
    <subfield code="b">CPL</subfield>
    <subfield code="c">GEN</subfield>
    <subfield code="d">2018-12-17</subfield>
    <subfield code="g">131.00</subfield>
    <subfield code="o">621+811.111 M-85</subfield>
    <subfield code="p">55289</subfield>
    <subfield code="r">2018-12-17</subfield>
    <subfield code="t">55289</subfield>
    <subfield code="w">2018-12-17</subfield>
    <subfield code="y">BK</subfield>
    <subfield code="z">131.00 GEL.</subfield>
  </datafield>
</record>
